[Event "Astana Open GM-norm 2018"]
[Site "Astana"]
[Date "2018.06.17"]
[Round "1"]
[White "Zhanibek, Amanov"]
[Black "Vitaly, Sivuk"]
[Result "0-1"]
[WhiteElo "2340"]
[BlackElo "2526"]
[Annotator "TA"]
[PlyCount "80"]
[EventDate "2018.06.17"]
[EventType "tourn"]
[EventCountry "KAZ"]
[SourceTitle "playchess.com"]
[Source "ChessBase"]
[SourceQuality "1"]

{[%evp 15,80,0,21,22,29,21,22,23,22,33,35,0,0,0,0,0,0,0,0,0,0,0,0,-7,-5,-11,-7,-17,-22,-25,-17,-23,-17,-27,-28,-30,-29,-30,-36,-54,-37,-49,-25,-43,-23,-89,-74,-62,-67,-88,-80,-172,-164,-243,-241,-280,-286,-222,-141,-510,-505,-892,-834,-1100,-1122,-2243,-1046]} 1. e4 e6 2. d4 d5 3. Nd2 c5 4. Ngf3 cxd4 5. Nxd4 Nf6 6. exd5 {C07: French Tarrasch: 3...c5, 4 Ngf3 and 4 exd5 Qxd5} a6 (6... Nxd5 7. N2f3 Bb4+ 8. Bd2 O-O 9. c3 Be7 10. Bd3 b6 11. O-O Bb7 12. Qe2 Nc6 13. Rad1 Nxd4 14. Nxd4 Bf6 {0-1 (38) Gao,R (2561)-Yu,Y (2759) Tianjin 2018}) 7. N2f3 Qxd5 8. Bd3 Bd7 {LiveBook: 3 Games} 9. O-O Nc6 10. c4 Qd6 11. Nxc6 Bxc6 12. Qe2 Rd8 $146 ({Predecessor:} 12... Qc7 13. Ne5 {½-½ (59) Ragger,M (2434)-Bogosavljevic,B (2302) Herceg Novi 2005}) 13. Ne5 Ng4 14. Nxg4 Qxd3 15. Qxd3 Rxd3 16. Ne5 Rd6 17. Nxc6 Rxc6 18. b3 Bc5 19. Be3 Bxe3 20. fxe3 $11 {[%mdl 4096] Endgame KRR-KRR} Ke7 21. Rad1 b5 22. cxb5 axb5 23. Rd2 Ra8 24. Rff2 Rc1+ 25. Rf1 Rc3 26. Re1 g5 27. Kf2 f5 28. Ree2 h5 29. Rd4 h4 30. h3 (30. Rb4 $11 {remains equal.}) 30... Kf6 31. Rb4 Ra5 32. Rb2 Rc1 33. Rd4 (33. Re2 $17) 33... Ra1 $1 $19 34. Rdd2 {[#]} (34. a4 $142) 34... g4 $1 35. hxg4 fxg4 {[%cal Bf5g4,Bg4g3][%mdl 32]} 36. Ke2 Ra8 37. Rbc2 $2 {[%mdl 8192] [#]} (37. Kd3 $17 {nothing else works.}) 37... Kf5 $1 {Black is clearly winning.} 38. Kd3 (38. a4 $142 bxa4 39. bxa4) 38... g3 39. Rc5+ e5 {Hoping for ...Rd8+.} 40. Rxb5 R8xa2 {Precision: White = 33%, Black = 76%.} (40... Rd8+ $142 41. Ke2 Rxd2+ 42. Kxd2 h3 43. e4+ Kf4) 0-1

[Event "Astana Open GM-norm 2018"]
[Site "Astana"]
[Date "2018.06.17"]
[Round "1"]
[White "Arystanbek, Urazayev"]
[Black "Ivan, Bocharov"]
[Result "1-0"]
[WhiteElo "2303"]
[BlackElo "2569"]
[Annotator "TA"]
[PlyCount "61"]
[EventDate "2018.06.17"]
[EventType "tourn"]
[EventCountry "KAZ"]
[SourceTitle "playchess.com"]
[Source "ChessBase"]
[SourceQuality "1"]

{[%evp 20,61,5,0,-3,2,54,57,53,51,51,51,51,55,52,52,49,43,55,53,85,73,113,112,117,112,172,173,252,245,257,261,459,452,1013,977,2052,477,718,790,783,762,1373,1421]} 1. e4 e5 2. Nf3 Nc6 3. Bb5 a6 4. Ba4 Nf6 {[%cal Bg8f6,Bf6d7,Bd7c5][%mdl 32]} 5. d3 d6 6. c4 Be7 {C77: Ruy Lopez: 3...a6 4 Ba4 Nf6, unusual lines} (6... Bg4 7. h3 Bxf3 8. Qxf3 Nd7 9. Be3 Be7 10. O-O O-O 11. Qg3 Nc5 12. Bxc5 dxc5 13. Bxc6 bxc6 14. Nc3 Qd4 15. Qe3 Rfd8 16. Rad1 Qd6 17. Na4 Rd7 18. Rfe1 Rad8 {½-½ (47) Huschenbeth,N (2601)-Sutovsky,E (2689) Austria 2017}) 7. h3 O-O 8. Nc3 Nd7 9. Be3 Bf6 10. O-O Nd4 11. Nd5 {LiveBook: 3 Games} Nc5 {Strongly threatening ...Nxf3+.} 12. Bc2 c6 (12... a5 $11) 13. Nxf6+ $14 Qxf6 14. Nxd4 exd4 15. Bd2 $146 Qg6 {White must now prevent ...Bxh3.} 16. Kh2 a5 17. f4 f5 {[%cal Rf5e4]} 18. Qf3 Bd7 19. Rae1 Kh8 20. Bb1 b6 21. Qf2 fxe4 22. dxe4 d3 (22... Qf6 $16) 23. f5 $18 Qf7 {[#]} (23... Qe8 $142) 24. Qg3 $1 Qxc4 25. Bc3 {[%csl Gc3][%cal Rg3g7]} Rf7 $2 {[#]} (25... Qf7 26. Bxd3 (26. Qxd6 Rfd8 $18) 26... Na4) 26. Rf4 $1 {White is clearly winning.} d5 (26... d2 $142) 27. exd5 Qxd5 28. f6 (28. Rg4 $142 {[%cal Rg4g7]} Ne4 29. Rexe4 Qc5 30. Rxg7 Qxc3 31. Rxf7 Qf6 32. Rxf6 Rd8 33. Rf7 Rg8 34. Qe5+ Rg7 35. Qxg7#) 28... g6 (28... Kg8 $142 29. Rd4 (29. fxg7 Rxf4 30. Qxf4 Qf5 $16) 29... Qh5 30. Bxd3 Nxd3 31. Rxd3 Qg6) 29. Rd4 Qf5 30. Re5 Qf1 31. Rxc5 {Precision: White = 92%, Black = 15%.} 1-0

[Event "Astana Open GM-norm 2018"]
[Site "Astana"]
[Date "2018.06.17"]
[Round "1"]
[White "Kazybek, Nogerbek"]
[Black "Baurzhan, Kassimov"]
[Result "0-1"]
[WhiteElo "2293"]
[BlackElo "2386"]
[Annotator "NA"]
[PlyCount "144"]
[EventDate "2018.06.17"]
[EventType "tourn"]
[EventCountry "KAZ"]
[SourceTitle "playchess.com"]
[Source "ChessBase"]
[SourceQuality "1"]
[TimeControl "5400+30"]

1. e4 {[%emt 0:00:05]} e5 {[%emt 0:01:13]} 2. Nf3 {[%emt 0:00:11]} Nc6 {[%emt 0:00:01]} 3. Bb5 {[%emt 0:00:16]} a6 {[%emt 0:03:02]} 4. Ba4 {[%emt 0:00:49]} Nge7 {[%emt 0:00:16]} 5. c3 {[%emt 0:01:29]} g6 {[%emt 0:03:23]} 6. d4 {[%emt 0:00:10]} exd4 {[%emt 0:00:41]} 7. cxd4 {[%emt 0:00:06]} b5 {[%emt 0:00:56]} 8. Bb3 {[%emt 0:00:42]} Bg7 {[%emt 0:00:43]} 9. d5 {[%emt 0:00:34]} Na5 {[%emt 0:00:53]} 10. Bd2 {[%emt 0:00:37]} c5 {[%emt 0:02:07]} 11. Bc3 {[%emt 0:09:11]} O-O {[%emt 0:03:39]} 12. Bxg7 {[%emt 0:02:31]} Kxg7 {[%emt 0:00:07]} 13. O-O {[%emt 0:00:36]} d6 {[%emt 0:02:22]} 14. Bc2 {[%emt 0:03:17]} Ng8 {[%emt 0:03:55]} 15. h3 {[%emt 0:03:23]} Qf6 {[%emt 0:01:02]} 16. Nc3 {[%emt 0:06:36]} Nc4 {[%emt 0:01:33]} 17. Bb3 {[%emt 0:01:07]} Nxb2 {[%emt 0:15:08]} 18. e5 {[%emt 0:04:09]} dxe5 {[%emt 0:00:53]} 19. Qe2 {[%emt 0:00:11]} c4 {[%emt 0:02:13]} 20. Ne4 {[%emt 0:02:08]} Qf4 {[%emt 0:02:41]} 21. g3 {[%emt 0:06:27]} Qf5 {[%emt 0:01:35]} 22. Nh4 {[%emt 0:03:34]} Qd7 {[%emt 0:09:42]} 23. Qxb2 {[%emt 0:02:26]} cxb3 {[%emt 0:00:15]} 24. Qxe5+ {[%emt 0:00:53]} f6 {[%emt 0:00:22]} 25. Qd4 {[%emt 0:00:42]} Bb7 {[%emt 0:02:27]} 26. Rad1 {[%emt 0:03:24]} Rfd8 {[%emt 0:03:54]} 27. Qb6 {[%emt 0:06:25]} Bxd5 {[%emt 0:03:38]} 28. axb3 {[%emt 0:06:40]} Qc6 {[%emt 0:04:42]} 29. Qxc6 {[%emt 0:00:13]} Bxc6 {[%emt 0:00:05]} 30. Rxd8 {[%emt 0:08:21]} Rxd8 {[%emt 0:00:13]} 31. Nc5 {[%emt 0:00:04]} Ra8 {[%emt 0:02:47]} 32. b4 {[%emt 0:06:56]} a5 {[%emt 0:01:16]} 33. bxa5 {[%emt 0:00:28]} Rxa5 {[%emt 0:00:08]} 34. Ne6+ {[%emt 0:00:06]} Kh6 {[%emt 0:02:05]} 35. Nd4 {[%emt 0:06:51]} Bd5 {[%emt 0:02:32]} 36. Rb1 {[%emt 0:00:38]} Bc4 {[%emt 0:04:37]} 37. Ng2 {[%emt 0:00:27]} Ne7 {[%emt 0:00:13]} 38. Ne3 {[%emt 0:00:15]} Nc8 {[%emt 0:04:42]} 39. Rd1 {[%emt 0:02:04]} Ra6 {[%emt 0:00:50]} 40. h4 {[%emt 0:04:23]} Kg7 {[%emt 0:01:05]} 41. Ndc2 {[%emt 0:00:46]} Rd6 {[%emt 0:00:27]} 42. Rc1 {[%emt 0:00:54]} Nb6 {[%emt 0:01:56]} 43. Na3 {[%emt 0:00:57]} Bd3 {[%emt 0:06:03]} 44. Rc7+ {[%emt 0:00:37]} Rd7 {[%emt 0:00:21]} 45. Rxd7+ {[%emt 0:02:53]} Nxd7 {[%emt 0:00:04]} 46. Nd5 {[%emt 0:00:02]} Kf7 {[%emt 0:00:34]} 47. f3 {[%emt 0:00:33]} g5 {[%emt 0:02:43]} 48. Kf2 {[%emt 0:02:30]} Ne5 {[%emt 0:00:48]} 49. f4 {[%emt 0:01:25]} gxf4 {[%emt 0:01:12]} 50. gxf4 {[%emt 0:00:07]} Nc6 {[%emt 0:01:20]} 51. Ke3 {[%emt 0:01:10]} b4 {[%emt 0:00:05]} 52. Kxd3 {[%emt 0:00:04]} bxa3 {[%emt 0:00:03]} 53. Kc3 {[%emt 0:00:06]} Ke6 {[%emt 0:00:10]} 54. Ne3 {[%emt 0:00:06]} h5 {[%emt 0:00:25]} 55. Kb3 {[%emt 0:00:05]} Nd4+ {[%emt 0:00:13]} 56. Kxa3 {[%emt 0:00:02]} Nf5 {[%emt 0:00:04]} 57. Ng2 {[%emt 0:01:03]} Kd5 {[%emt 0:00:13]} 58. Kb3 {[%emt 0:00:05]} Ke4 {[%emt 0:00:10]} 59. Kc3 {[%emt 0:00:05]} Kf3 {[%emt 0:00:31]} 60. Ne1+ {[%emt 0:00:06]} Kxf4 {[%emt 0:00:04]} 61. Kd2 {[%emt 0:00:04]} Nxh4 {[%emt 0:00:49]} 62. Ke2 {[%emt 0:00:01]} Kg3 {[%emt 0:00:20]} 63. Kf1 {[%emt 0:00:04]} f5 {[%emt 0:00:08]} 64. Nc2 {[%emt 0:00:17]} Nf3 {[%emt 0:00:56]} 65. Ne3 {[%emt 0:00:12]} Nd4 {[%emt 0:01:53]} 66. Nd1 {[%emt 0:01:15]} h4 {[%emt 0:01:11]} 67. Nc3 {[%emt 0:00:22]} Kf3 {[%emt 0:00:26]} 68. Nd5 {[%emt 0:01:02]} Ne2 {[%emt 0:01:20]} 69. Ne7 {[%emt 0:00:44]} h3 {[%emt 0:00:35]} 70. Nxf5 {[%emt 0:00:06]} h2 {[%emt 0:00:03]} 71. Nh4+ {[%emt 0:00:06]} Kg3 {[%emt 0:00:03]} 72. Nf5+ {[%emt 0:00:06]} Kh3 {[%emt 0:00:03]} 0-1

[Event "Astana Open GM-norm 2018"]
[Site "Astana"]
[Date "2018.06.17"]
[Round "1"]
[White "Gulmira, Dauletova"]
[Black "Kirill, Kuderinov"]
[Result "1/2-1/2"]
[WhiteElo "2273"]
[BlackElo "2455"]
[Annotator "TA"]
[PlyCount "154"]
[EventDate "2018.06.17"]
[EventType "tourn"]
[EventCountry "KAZ"]
[SourceTitle "playchess.com"]
[Source "ChessBase"]
[SourceQuality "1"]

{[%evp 20,154,4,12,51,16,24,31,29,17,59,48,53,48,60,57,91,64,113,67,76,44,49,56,68,63,69,63,53,55,74,68,93,59,93,49,75,53,79,64,68,57,59,58,61,58,79,87,78,0,0,0,39,0,142,122,124,124,135,144,141,0,0,0,287,288,282,283,457,390,450,436,361,387,365,333,287,315,314,323,758,758,710,693,644,624,501,495,733,713,712,593,1269,1299,1230,1230,1214,1104,1008,0,0,0,0,0,0,0,0,0,0,0,0,0,0,0,0,0,0,0,0,0,0,0,0,0,0,0,0,0,0,0,0,0,0,0,0,0,0]} 1. e4 e5 2. Nf3 Nc6 3. Bb5 {[%cal Bf1b5,Bb5a4,Ba4b3,Bb3c4][%mdl 32]} a6 4. Ba4 Nf6 5. O-O Be7 6. Re1 b5 7. Bb3 O-O 8. a4 b4 9. d3 d6 10. a5 Be6 11. Nbd2 {LiveBook: 193 Games. C88: Closed Ruy Lopez: Anti-Marshall Systems} Nd4 $146 ({Predecessor:} 11... Rb8 12. h3 Qc8 13. Ba4 Nxa5 14. d4 exd4 15. Nxd4 c5 16. Nxe6 Qxe6 17. Qe2 c4 18. Nf3 Bd8 19. Bf4 Bb6 {1-0 (68) Jakovenko,D (2746)-Wagner,D (2566) Batumi 2018}) 12. Bc4 Nd7 13. Nxd4 {White has an edge.} exd4 14. f4 Re8 15. Bxe6 fxe6 16. Qg4 Bf8 17. Nf3 c5 18. Bd2 Rb8 19. Ng5 Qf6 20. Qh5 {[%csl Gg5][%cal Rh5h7]} Qg6 21. Qh3 Qh6 22. Qxh6 gxh6 23. Nf3 Bg7 24. b3 h5 25. g3 Bh6 26. Kg2 Rf8 27. Re2 Bg7 28. Ra2 h6 29. h3 Kh7 30. g4 Bf6 31. Kh2 Rg8 32. Rg2 Rbf8 33. Ra1 Bg5 34. f5 (34. Kg3 $16 Bd8 35. Kf2) 34... Bxd2 $11 35. Nxd2 Ne5 {[%cal Rh5g4]} 36. Nc4 hxg4 (36... Nxc4 $1 $11 {keeps the balance.} 37. bxc4 hxg4) 37. Nxe5 $16 dxe5 38. hxg4 $11 {[%mdl 4096] Endgame KRR-KRR} (38. fxe6 $6 g3+ 39. Rxg3 Rf2+ 40. Kg1 Rf6 $11) 38... Rg5 {[%cal Re6f5]} 39. Rf1 ({But not} 39. fxe6 $6 Rg7 $11) 39... h5 40. Kh3 (40. Kg1 $16) 40... Kh6 41. f6 Rfg8 $2 {[%mdl 8192]} (41... hxg4+ $11 {and Black has nothing to worry.} 42. Rxg4 Rxg4 43. Kxg4 Kg6) 42. f7 $1 $18 {[%cal Rf7g8]} hxg4+ 43. Rxg4 Rxg4 $2 (43... Rf8 44. Rf6+ Kg7 45. Rxe6 Rh8+ 46. Kg3 Kxf7 47. Rxa6 (47. Rxg5 Kxe6 48. Rg6+ Kd7 $16) 47... Rgh5) 44. Rf6+ Kh5 {[%csl Gh5][%cal Rg4h4]} 45. fxg8=Q Rxg8 46. Rxe6 {KR-KR} Kg5 47. Rxe5+ Kf4 {[#]} 48. Rf5+ $1 Ke3 49. Rxc5 Kf3 $2 {[#]} (49... Kf4 50. Rc6 Rg3+ 51. Kh2 Rg5 52. Rxa6 Rc5 53. Rf6+ Ke3) 50. Kh4 $1 {[%cal Rh4h5]} Rg2 51. Kh5 Kf4 52. Kh6 Kf3 53. Rc4 Kf4 (53... Ke3 $142 54. Kh7 (54. Rxb4 Rxc2 55. e5 Kxd3 $16) 54... Kf4 55. Rxb4 Rxc2 56. Rxd4 Ke5 57. Rd5+ Ke6) 54. Rxd4 Rxc2 55. Rxb4 Rc3 56. Kg6 Ke5 57. Kf7 Rxd3 58. Ke7 Rc3 59. Kd7 $2 (59. Rb6 $18 Kd4 60. b4) 59... Rc5 $1 $11 {The position is equal.} 60. Rc4 Rxa5 61. Kc6 Ra1 62. b4 (62. Rc3 {feels hotter.} Kd4 63. Rg3 Kxe4 64. Kc5 a5 65. Rh3) 62... Ke6 63. Kb6 Ra4 64. Kc5 Ke5 65. Kb6 Ke6 66. Kb7 Ke5 67. Kc6 Ke6 68. Kb6 Kd6 69. Rd4+ Ke5 70. Kc5 Ra1 71. Rc4 Ra4 72. Kb6 Ke6 73. Kc6 a5 74. Kb5 Rxb4+ 75. Rxb4 axb4 76. Kxb4 Ke5 77. Kc4 Kxe4 {Precision: White = 79%, Black = 55%.} 1/2-1/2

[Event "Astana Open GM-norm 2018"]
[Site "Astana"]
[Date "2018.06.18"]
[Round "2"]
[White "Ivan, Bocharov"]
[Black "Zhanibek, Amanov"]
[Result "1/2-1/2"]
[WhiteElo "2569"]
[BlackElo "2340"]
[Annotator "TA"]
[PlyCount "41"]
[EventDate "2018.06.17"]
[EventType "tourn"]
[EventCountry "KAZ"]
[SourceTitle "playchess.com"]
[Source "ChessBase"]
[SourceQuality "1"]

{[%evp 23,26,1,1,0,-12]} 1. e4 e5 2. Nf3 Nc6 3. Bb5 {[%cal Bf1b5,Bb5a4,Ba4b3][%mdl 32]} a6 4. Ba4 d6 5. d4 b5 6. Bb3 Nxd4 7. Nxd4 exd4 8. Bd5 Rb8 9. Bc6+ Bd7 10. Bxd7+ Qxd7 11. Qxd4 Nf6 12. O-O Be7 {LiveBook: 33 Games} 13. Re1 {C71: Ruy Lopez: Deferred Steinitz Variation, sidelines} (13. b3 O-O 14. Bb2 Rfe8 15. Nd2 c5 16. Qd3 Rbd8 17. c4 Ng4 18. Rad1 Bf6 19. Bxf6 Nxf6 20. Rfe1 Qc6 {½-½ (59) Vachier Lagrave,M (2789)-Mamedyarov,S (2799) Riadh 2017}) 13... O-O {Predecessor:} 14. Nc3 $146 Rfe8 15. Bf4 b4 16. Nd1 Qc6 17. Rc1 Nd7 18. f3 Bf6 19. Qd2 Qa4 20. c3 bxc3 21. bxc3 {0-1 (39) Vanhuyse,N (1808)-Hamblok,R (2260) Lommel 2012} 1/2-1/2

[Event "Astana Open GM-norm 2018"]
[Site "Astana"]
[Date "2018.06.18"]
[Round "2"]
[White "Jakhongir, Vakhidov"]
[Black "Arystanbek, Urazayev"]
[Result "0-1"]
[WhiteElo "2546"]
[BlackElo "2303"]
[Annotator "TA"]
[PlyCount "31"]
[EventDate "2018.06.17"]
[EventType "tourn"]
[EventCountry "KAZ"]
[SourceTitle "playchess.com"]
[Source "ChessBase"]
[SourceQuality "1"]

{[%evp 21,23,42,49,15]} 1. d4 Nf6 2. c4 e6 3. g3 d5 4. Bg2 dxc4 5. Nf3 Bd7 6. Ne5 Bc6 7. Nxc6 Nxc6 8. O-O Qd7 {E04: Open Catalan: 5 Nf3} 9. e3 O-O-O 10. Nd2 e5 11. Nxc4 exd4 {LiveBook: 19 Games} 12. Qa4 {[%mdl 32768] Loss on Time!?} {Predecessor:} d3 $146 13. Rd1 Bc5 14. Bd2 Nd5 15. Rac1 Kb8 16. Qb3 {1-0 (26) Wojtaszek,R (2746)-Jakubowski,K (2562) Poland 2015} 0-1

[Event "Astana Open GM-norm 2018"]
[Site "Astana"]
[Date "2018.06.18"]
[Round "2"]
[White "Vitaly, Sivuk"]
[Black "Gulmira, Dauletova"]
[Result "1-0"]
[WhiteElo "2526"]
[BlackElo "2273"]
[Annotator "TA"]
[PlyCount "40"]
[EventDate "2018.06.17"]
[EventType "tourn"]
[EventCountry "KAZ"]
[SourceTitle "playchess.com"]
[Source "ChessBase"]
[SourceQuality "1"]

{[%evp 20,40,32,22,0,0,0,0,0,-7,10,0,0,-2,0,0,0,0,0,12,24,19,16]} 1. e4 c5 2. Nf3 e6 3. d4 cxd4 4. Nxd4 Nc6 5. Nc3 Qc7 6. Be3 a6 7. Qf3 {B48: Sizilianisch (Paulsen-Variante)} Nf6 8. O-O-O Ne5 9. Qg3 b5 10. a3 Bb7 {[#]} 11. Bxb5 $1 {[%mdl 512] LiveBook: 4 Partien} Rc8 $1 ({Natürlich nicht} 11... axb5 $6 12. Ndxb5 Qb8 13. Bb6 $16) 12. Ba4 {zielt auf Lf4 ab.} Nxe4 13. Nxe4 Bxe4 14. Bf4 $132 {[%mdl 2048] Weiss has counterplay} Qc4 15. Bxe5 Qxa4 {[#]} 16. Rd2 $146 h5 17. h4 Rh6 {...f6 ist eine echte Drohung.} 18. f3 Bh7 {[#] Und ...f6 würde nun gewinnen.} 19. Bd6 Rg6 20. Qe5 {Droht b3 und aus.} f6 $1 {[%mdl 32768] Precision: Weiß = 81%, Schwarz = 81%. . Loss on Time!?} 1-0

[Event "Astana Open GM-norm 2018"]
[Site "Astana"]
[Date "2018.06.18"]
[Round "2"]
[White "Baurzhan, Kassimov"]
[Black "Kirill, Kuderinov"]
[Result "1-0"]
[WhiteElo "2386"]
[BlackElo "2455"]
[Annotator "TA"]
[PlyCount "35"]
[EventDate "2018.06.17"]
[EventType "tourn"]
[EventCountry "KAZ"]
[SourceTitle "playchess.com"]
[Source "ChessBase"]
[SourceQuality "1"]

{[%evp 21,22,33,39]} 1. e4 c5 2. Nf3 Nc6 3. Bb5 g6 4. Bxc6 dxc6 5. d3 Bg7 6. h3 Nf6 7. Nc3 O-O 8. O-O Nd7 {B31: Sicilian: 2...Nc6 3 Bb5 g6} 9. Be3 e5 10. Nh2 (10. Qd2 Re8 11. Bh6 Bh8 12. Nh2 Nf8 13. f4 exf4 14. Qxf4 Qe7 15. Bg5 Bd4+ 16. Kh1 Ne6 17. Bxe7 Nxf4 18. Bxc5 Bxc5 19. Rxf4 {0-1 (46) Bologan,V (2640)-Andreikin,D (2736) Sochi 2016}) 10... Re8 11. Qd2 b6 {LiveBook: 9 Games} {Predecessor:} 12. Bh6 $146 Bh8 13. Rae1 a5 14. a4 Ra7 15. b3 Nf8 16. Nd1 Ne6 17. Ne3 f6 18. Nhg4 {½-½ (46) Koegler,K (2524)-Bubir,A (2555) ICCF email 2012} 1-0

[Event "Astana Open GM-norm 2018"]
[Site "Astana"]
[Date "2018.06.18"]
[Round "2"]
[White "Kazybek, Nogerbek"]
[Black "Tair, Vahidov"]
[Result "1/2-1/2"]
[WhiteElo "2293"]
[BlackElo "2405"]
[Annotator "NA"]
[PlyCount "25"]
[EventDate "2018.06.17"]
[EventType "tourn"]
[EventCountry "KAZ"]
[SourceTitle "playchess.com"]
[Source "ChessBase"]
[SourceQuality "1"]
[TimeControl "5400+30"]

1. e4 {[%emt 0:00:04]} e5 {[%emt 0:00:12]} 2. Nf3 {[%emt 0:00:06]} Nc6 {[%emt 0:00:09]} 3. Bb5 {[%emt 0:00:06]} a6 {[%emt 0:01:03]} 4. Ba4 {[%emt 0:00:07]} Nf6 {[%emt 0:00:15]} 5. O-O {[%emt 0:00:09]} Be7 {[%emt 0:01:28]} 6. Re1 {[%emt 0:00:11]} b5 {[%emt 0:01:17]} 7. Bb3 {[%emt 0:00:21]} O-O {[%emt 0:00:19]} 8. h3 {[%emt 0:00:23]} d5 {[%emt 0:01:13]} 9. exd5 {[%emt 0:01:32]} Nxd5 {[%emt 0:00:06]} 10. Nxe5 {[%emt 0:01:49]} Nxe5 {[%emt 0:00:12]} 11. Rxe5 {[%emt 0:00:06]} Nb6 {[%emt 0:00:24]} 12. d4 {[%emt 0:03:23]} Bf6 {[%emt 0:05:39]} 13. Re1 {[%emt 0:00:08]} 1/2-1/2

[Event "Astana Open GM-norm 2018"]
[Site "Astana"]
[Date "2018.06.19"]
[Round "3"]
[White "Kirill, Kuderinov"]
[Black "Vitaly, Sivuk"]
[Result "1-0"]
[WhiteElo "2455"]
[BlackElo "2526"]
[Annotator "TA"]
[PlyCount "131"]
[EventDate "2018.06.17"]
[EventType "tourn"]
[EventCountry "KAZ"]
[SourceTitle "playchess.com"]
[Source "ChessBase"]
[SourceQuality "1"]

{[%evp 18,131,0,1,8,0,47,0,0,14,0,0,34,26,35,26,27,0,0,0,0,0,0,-87,-11,-38,0,-114,-135,-127,-106,-109,-87,-125,-126,-121,-117,-101,-80,-75,-87,-62,0,0,0,-8,-8,-8,-8,-7,0,0,0,0,0,0,8,0,0,0,124,114,152,145,141,140,206,204,265,261,265,261,270,270,261,261,261,254,254,153,245,166,91,76,254,254,254,260,214,76,316,316,276,277,447,447,7639,7173,5592,5102,29972,29972,29973,29974,29976,29977,29978,29979,29979,29977,29974,29975,29974,29976,29976,29977]} 1. e4 c5 2. Nf3 e6 3. d4 cxd4 4. Nxd4 Nc6 5. Nc3 a6 6. Nxc6 bxc6 7. Bd3 d5 8. O-O Nf6 9. e5 Nd7 {B46: Sizilianisch (Paulsen/Taimanow-Variante)} 10. f4 {LiveBook: 4 Partien} (10. Re1 Be7 11. Qg4 Kf8 12. Qh5 c5 13. b3 Bb7 14. Bd2 Qc7 15. Rad1 d4 16. Na4 g6 17. Bh6+ Kg8 18. Qe2 Bf8 19. Bxf8 Kxf8 {1-0 (32) Duda,J (2658)-Andreikin,D (2720) Berlin 2015}) 10... g6 11. Qe1 $146 ({Vorgänger:} 11. Be3 Be7 12. Ne2 Rb8 13. b3 O-O 14. Qe1 c5 15. Qg3 f5 16. c3 Rf7 17. Rab1 Rg7 18. Qe1 Bb7 {½-½ (18) Sandstroem,B (2455)-Cranbourne,C (2468) ICCF email 2003}) 11... Bg7 {Die Stellung ist ausgeglichen.} 12. h4 {[%cal Bh2h4,Bh4h5][%mdl 32]} c5 13. h5 Bb7 14. Qg3 Qb6 {zielt auf ...c4+ ab.} 15. Na4 Qc6 16. b3 O-O-O {[%cal Ba8d8,Bd8g8,Bg8g4][%mdl 32]} 17. c4 gxh5 {Und weiter mit ...Tdg8 wäre nett.} 18. cxd5 (18. Qxg7 $2 Rhg8 $19) 18... Qxd5 19. Bc4 Qc6 20. Be2 (20. Qxg7 $2 Rdg8 $19) (20. Rf2 $11 {hält das Gleichgewicht.}) 20... Bxe5 (20... Rhg8 $17 21. Bf3 Bxe5) 21. fxe5 $11 Rdg8 (21... Rhg8 $5 {[%cal Rc6g2]} 22. Bg5 h4 $15) 22. Bg5 (22. Qf3 $1 $11 Qc7 23. Bxa6 Bxa6 24. Qa8+ Nb8 25. Rxf7 Qxf7 26. Nb6+ Kc7 27. Qa7+ Bb7 28. Na8+ Kc8 29. Nb6+ Kc7 30. Na8+ Kc8 31. Nb6+ Kc7) 22... h4 $1 $17 {[%cal Rh4g3]} 23. Bf3 hxg3 24. Bxc6 Bxc6 25. Be7 Bxa4 (25... Nxe5 26. Bf6 $14) 26. bxa4 Rg4 (26... Nxe5 27. Bf6 $14) 27. Bd6 Kb7 28. Rxf7 Kc6 29. Re7 Rg6 ({Lieber} 29... Rc8 $15) 30. Rd1 $11 Rhg8 31. Bxc5 {Droht stark Lb4.} R8g7 32. Rxg7 Rxg7 {[%mdl 4096] Endspiel KTL-KTS} 33. Bb4 Nxe5 34. Rd6+ Kb7 35. Rxe6 Nd3 36. Bd6 Nc1 37. Be5 Rg4 38. a5 Re4 (38... Nd3 $11 {bleibt in der Remisbreite.}) 39. Rb6+ $16 Ka7 {[%cal Re4e1]} 40. Bb8+ (40. Bxg3 $6 Ne2+ 41. Kh2 Nxg3 $11) 40... Ka8 {[%cal Re4e1]} 41. Bxg3 Ne2+ (41... Ka7 $16) 42. Kf2 $18 Nxg3 43. Rxa6+ {KTS-KT} (43. Kxg3 $6 Ka7 $16) 43... Kb7 44. Rb6+ Kc7 45. Kxg3 {KT-KT} Ra4 46. Rb5 Rxa2 47. Rh5 Kd8 48. Re5 (48. Rxh7 Rxa5 49. Kf4 Ke8 $14) 48... Kd7 (48... h6 $16 {war nötig.} 49. Rc5 Kd7) 49. Kh3 h6 50. g3 {[%cal Bg2g3,Bg3g4][%mdl 32]} Kd6 $2 (50... Ra4 $16 51. Rh5 Ra3 52. Rd5+ (52. Rxh6 Rxa5 53. Rb6 Ke7 $14) 52... Kc6) 51. Rb5 $1 Ke7 52. Kg4 Ra3 53. Kf4 (53. Rb7+ $1 $18 {ist der präzise Gewinnweg.} Kd8 54. Rb5) 53... Kf7 $2 (53... Ra4+ $16 54. Kf3 Ra3+ 55. Kg4 Kd8) 54. g4 Ra1 55. Rb7+ Kf6 $2 (55... Kg8 {ist wohl besser.} 56. Ra7 Kf8) 56. Rb6+ Kg7 (56... Ke7 $142 57. a6 (57. Rxh6 Rxa5 58. Kg3 Kf7 $14) 57... Ra4+ 58. Ke5 Ra5+ 59. Kd4 Kd7 60. Rxh6 Kc7 61. Rh7+ Kb8 62. a7+ Ka8) 57. a6 Ra5 58. Ke4 h5 {[#]} 59. gxh5 $1 {Weiß setzt Matt.} Rxh5 60. Kd4 Ra5 61. Kc4 Kf7 62. Kb4 Ra1 63. Kc5 Re1 64. a7 Ra1 {[#]} 65. Rb7+ $1 Ke6 66. Kc6 {Precision: Weiß = 64%, Schwarz = 45%.} 1-0